Genetic improvement of farmed animals / (Record no. 35187)

MARC details
000 -LEADER
fixed length control field 02408cam a2200457 i 4500
001 - CONTROL NUMBER
control field 21341631
003 - CONTROL NUMBER IDENTIFIER
control field OSt
005 - DATE AND TIME OF LATEST TRANSACTION
control field 20220418164315.0
006 - FIXED-LENGTH DATA ELEMENTS--ADDITIONAL MATERIAL CHARACTERISTICS
fixed length control field m |o d |
007 - PHYSICAL DESCRIPTION FIXED FIELD--GENERAL INFORMATION
fixed length control field cr |||||||||||
008 - FIXED-LENGTH DATA ELEMENTS--GENERAL INFORMATION
fixed length control field 191218s2020 mau ob 001 0 eng
010 ## - LIBRARY OF CONGRESS CONTROL NUMBER
LC control number 2019054984
020 ## - INTERNATIONAL STANDARD BOOK NUMBER
International Standard Book Number 9781789241747
Qualifying information (epub)
020 ## - INTERNATIONAL STANDARD BOOK NUMBER
International Standard Book Number 9781789241730
Qualifying information (ebook)
020 ## - INTERNATIONAL STANDARD BOOK NUMBER
Canceled/invalid ISBN 9781789241723
Qualifying information (hardback)
020 ## - INTERNATIONAL STANDARD BOOK NUMBER
Canceled/invalid ISBN 9781789241716
Qualifying information (paperback)
040 ## - CATALOGING SOURCE
Original cataloging agency DLC
Language of cataloging eng
Transcribing agency HU
Description conventions rda
Modifying agency DLC
042 ## - AUTHENTICATION CODE
Authentication code pcc
050 00 - LIBRARY OF CONGRESS CALL NUMBER
Classification number SF756.5
082 00 - DEWEY DECIMAL CLASSIFICATION NUMBER
Classification number 636.08/21
Edition number 23
100 1# - MAIN ENTRY--PERSONAL NAME
Personal name Simm, Geoff,
Dates associated with a name 1959-
Relator term author.
9 (RLIN) 36530
245 10 - TITLE STATEMENT
Title Genetic improvement of farmed animals /
Statement of responsibility, etc. Geoff Simm, Global Academy of Agriculture and Food Security, University of Edinburgh, UK, Geoff Pollott, Royal Veterinary College, London, UK, Raphael Mrode, Scotland's Rural College, Edinburgh, UK, and International Livestock Research Institute, Nairobi, Kenya, Ross Houston, The Roslin Institute, University of Edinburgh, UK, Karen Marshall, International Livestock Research Institute, Nairobi, Kenya.
264 #1 - PRODUCTION, PUBLICATION, DISTRIBUTION, MANUFACTURE, AND COPYRIGHT NOTICE
Place of production, publication, distribution, manufacture Wallingford, Oxfordshire, UK ;
-- Boston, MA :
Name of producer, publisher, distributor, manufacturer CABI,
Date of production, publication, distribution, manufacture, or copyright notice [2020]
300 ## - PHYSICAL DESCRIPTION
Extent 1 online resource
336 ## - CONTENT TYPE
Content type term text
Content type code txt
Source rdacontent
337 ## - MEDIA TYPE
Media type term computer
Media type code c
Source rdamedia
338 ## - CARRIER TYPE
Carrier type term online resource
Carrier type code cr
Source rdacarrier
504 ## - BIBLIOGRAPHY, ETC. NOTE
Bibliography, etc. note Includes bibliographical references and index.
520 ## - SUMMARY, ETC.
Summary, etc. "Comprehensive, yet concise and approachable, Genetic Improvement of Farmed Animals provides a thorough grounding in the basic sciences underpinning current farmed animal breeding practice. The text relates science to practical application in all the major farmed animal species: cattle, sheep, goats, poultry, pigs and fish"--
Assigning source Provided by publisher.
588 ## - SOURCE OF DESCRIPTION NOTE
Source of description note Description based on print version record and CIP data provided by publisher.
650 #0 - SUBJECT ADDED ENTRY--TOPICAL TERM
Topical term or geographic name entry element Livestock
General subdivision Genetic engineering.
9 (RLIN) 36531
650 #0 - SUBJECT ADDED ENTRY--TOPICAL TERM
Topical term or geographic name entry element Livestock improvement.
9 (RLIN) 36532
700 1# - ADDED ENTRY--PERSONAL NAME
Personal name Pollott, Geoffrey,
Relator term author.
9 (RLIN) 36533
700 1# - ADDED ENTRY--PERSONAL NAME
Personal name Mrode, R. A.,
Relator term author.
9 (RLIN) 36534
700 1# - ADDED ENTRY--PERSONAL NAME
Personal name Houston, Ross,
Relator term author.
9 (RLIN) 36535
700 1# - ADDED ENTRY--PERSONAL NAME
Personal name Marshall, Karen,
Relator term author.
9 (RLIN) 36536
776 08 - ADDITIONAL PHYSICAL FORM ENTRY
Relationship information Print version:
Main entry heading Simm, Geoff, 1959-
Title Genetic improvement of farmed animals
Place, publisher, and date of publication Wallingford, Oxfordshire, UK ; Boston, MA : CABI, [2020]
International Standard Book Number 9781789241723
Record control number (DLC) 2019054983
906 ## - LOCAL DATA ELEMENT F, LDF (RLIN)
a 7
b cbc
c orignew
d 1
e ecip
f 20
g y-gencatlg
942 ## - ADDED ENTRY ELEMENTS (KOHA)
Source of classification or shelving scheme Dewey Decimal Classification
Koha item type Books like text book referance book
Suppress in OPAC No
Holdings
Withdrawn status Lost status Source of classification or shelving scheme Damaged status Not for loan Collection code Home library Current library Shelving location Date acquired Total Checkouts Full call number Barcode Date last seen Copy number Price effective from Koha item type
    Dewey Decimal Classification     Reference Wondo Genet Library Wondo Genet Library General Stacks 04/18/2022   636.08/21 KWA 1984 WGCFNRL00019512 04/18/2022 1 04/18/2022 Books like text book referance book
    Dewey Decimal Classification     Reference Wondo Genet Library Wondo Genet Library General Stacks 04/18/2022   636.08/21 KWA 1984 WGCFNRL00019513 04/18/2022 2 04/18/2022 Books like text book referance book
    Dewey Decimal Classification     Reference Wondo Genet Library Wondo Genet Library General Stacks 04/18/2022   636.08/21 KWA 1984 WGCFNRL00019514 04/18/2022 3 04/18/2022 Books like text book referance book